[Event "Florianopolis op 2nd"]
[Site "Florianopolis"]
[Date "2016.01.18"]
[Round "4"]
[White "Marques, Andre Rezende"]
[Black "Pereira, Silvio Cunha"]
[Result "0-1"]
[WhiteElo "1962"]
[BlackElo "2305"]
[PlyCount "62"]
[EventDate "2016.01.16"]
[EventType "swiss"]
[EventRounds "10"]
[EventCountry "BRA"]
[SourceTitle "CBM 170 Extra"]
[Source "ChessBase"]
[SourceDate "2016.02.25"]
[SourceVersion "1"]
[SourceVersionDate "2016.02.25"]
[SourceQuality "1"]

1. d4 Nf6 2. Bf4 g6 3. e3 Bg7 4. Nf3 d6 5. h3 0-0 6. Bc4 c5 7. 0-0 Qb6 8. Nc3 Nc6 9. d5 Na5 10. Be2 Nh5 11. Na4 Qd8 12. Bh2 Bd7 13. c4 Bxa4 14. Qxa4 Bxb2 15. Rab1 Bg7 16. e4 Nf6 17. e5 Ne8 18. Rfd1 b6 19. Bd3 Bh6 20. Qc2 Nb7 21. g4 Nc7 22. h4 Qc8 23. Qe2 Qxg4+ 24. Kh1 f5 25. Rg1 Qh5 26. e6 Ne8 27. Rg5 Bxg5 28. hxg5 Ng7 29. Qe3 f4 30. Qe4 Nf5 31. Rg1 Nd4 0-1

[Event "Florianopolis op 2nd"]
[Site "Florianopolis"]
[Date "2016.01.16"]
[Round "1"]
[White "Pereira Neto, Wladimir Nequesaurt"]
[Black "Marques, Andre Rezende"]
[Result "0-1"]
[WhiteElo "1850"]
[BlackElo "1962"]
[PlyCount "71"]
[EventDate "2016.01.16"]
[EventType "swiss"]
[EventRounds "10"]
[EventCountry "BRA"]
[SourceTitle "CBM 170 Extra"]
[Source "ChessBase"]
[SourceDate "2016.02.25"]
[SourceVersion "1"]
[SourceVersionDate "2016.02.25"]
[SourceQuality "1"]

1. e4 c6 2. d4 d5 3. Nc3 dxe4 4. Nxe4 Bf5 5. Ng3 Bg6 6. N1e2 e6 7. Nf4 Bd6 8. Be2 Qc7 9. Nd3 Nf6 10. Bg5 Nbd7 11. Bf3 h6 12. Be3 Nd5 13. Qe2 Nxe3 14. Qxe3 0-0 15. 0-0 Rad8 16. Rfe1 Nb6 17. b3 Nd5 18. Bxd5 exd5 19. Qd2 Rfe8 20. Rxe8+ Rxe8 21. Re1 Rxe1+ 22. Nxe1 Bf4 23. Qe2 Qa5 24. a4 Qc3 25. Qd1 Bg5 26. Ne2 Qd2 27. Qxd2 Bxd2 28. Nf3 Ba5 29. c3 Bd3 30. Nc1 Bc2 31. b4 Bc7 32. a5 Bd1 33. Nd3 Bxf3 34. gxf3 Bd6 35. Kg2 g5 36. f4 0-1

[Event "BRA-ch para Deficientes Visuais final"]
[Site "Sao Sebastiao do Paraiso"]
[Date "2015.12.05"]
[Round "5.1"]
[White "Marques, Andre Rezende"]
[Black "Polo, Tiago Dias"]
[Result "1/2-1/2"]
[WhiteElo "1963"]
[BlackElo "1819"]
[PlyCount "26"]
[EventDate "2015.12.03"]
[EventType "swiss"]
[EventRounds "7"]
[EventCountry "BRA"]
[SourceTitle "EXT 2022"]
[Source "ChessBase"]
[SourceDate "2021.10.06"]
[SourceVersion "1"]
[SourceVersionDate "2021.10.06"]
[SourceQuality "1"]

1. d4 d5 2. Bf4 e6 3. e3 c6 4. c3 Nd7 5. Nf3 f5 6. Ne5 Ngf6 7. Nd2 Be7 8. Be2 0-0 9. h3 Ne4 10. Nxe4 fxe4 11. 0-0 Nxe5 12. Bxe5 Bd6 13. Bxd6 Qxd6 1/2-1/2

[Event "BRA-ch Amateur"]
[Site "Sao Paulo"]
[Date "2014.03.04"]
[Round "7"]
[White "Marques, Andre Rezende"]
[Black "Nascimento, Pedro Henrique Alve"]
[Result "1/2-1/2"]
[WhiteElo "1992"]
[BlackElo "1855"]
[PlyCount "41"]
[EventDate "2014.03.01"]
[EventType "swiss"]
[EventRounds "7"]
[EventCountry "BRA"]
[SourceTitle "EXT 2016"]
[Source "ChessBase"]
[SourceDate "2015.10.08"]
[SourceVersion "1"]
[SourceVersionDate "2015.10.08"]
[SourceQuality "1"]

1. d4 e6 2. Bf4 Nf6 3. e3 c5 4. c3 b6 5. Nf3 Be7 6. h3 Bb7 7. Nbd2 0-0 8. Bd3 d5 9. Rc1 Ne4 10. 0-0 Nd7 11. Ne5 Nxe5 12. dxe5 Nxd2 13. Qxd2 Bg5 14. Bh2 d4 15. cxd4 cxd4 16. f4 dxe3 17. Qxe3 Qd5 18. Qe2 Be7 19. b3 Qd8 20. Be4 Bxe4 21. Qxe4 1/2-1/2

[Event "BRA-ch Amateur"]
[Site "Sao Paulo"]
[Date "2014.03.03"]
[Round "5"]
[White "Marques, Andre Rezende"]
[Black "Caribe Santos, Luiz Carlos"]
[Result "1-0"]
[WhiteElo "1992"]
[BlackElo "1606"]
[PlyCount "53"]
[EventDate "2014.03.01"]
[EventType "swiss"]
[EventRounds "7"]
[EventCountry "BRA"]
[SourceTitle "EXT 2016"]
[Source "ChessBase"]
[SourceDate "2015.10.08"]
[SourceVersion "1"]
[SourceVersionDate "2015.10.08"]
[SourceQuality "1"]

1. d4 d5 2. Bf4 Nf6 3. e3 c6 4. c3 Bf5 5. Qb3 Qc8 6. Nf3 h6 7. h3 e6 8. Ne5 Nbd7 9. Nd2 Be7 10. Be2 0-0 11. g4 Bh7 12. g5 hxg5 13. Bxg5 c5 14. h4 Re8 15. f4 Ne4 16. Bxe7 Rxe7 17. h5 Nxe5 18. dxe5 Nxd2 19. Kxd2 Rc7 20. Rag1 d4 21. h6 dxe3+ 22. Kxe3 g6 23. Qc2 c4 24. Bh5 Rd7 25. Bxg6 Qc5+ 26. Ke2 Rd3 27. Bxd3+ 1-0

[Event "BRA Cup para DV"]
[Site "Sao Caetano do Sul"]
[Date "2013.12.05"]
[Round "4"]
[White "Lima, Mauricio Vicente"]
[Black "Marques, Andre Rezende"]
[Result "0-1"]
[WhiteElo "1873"]
[BlackElo "1996"]
[PlyCount "73"]
[EventDate "2013.12.04"]
[EventType "tourn"]
[EventRounds "9"]
[EventCountry "BRA"]
[SourceTitle "EXT 2016"]
[Source "ChessBase"]
[SourceDate "2015.10.08"]
[SourceVersion "1"]
[SourceVersionDate "2015.10.08"]
[SourceQuality "1"]

1. e4 Nf6 2. Nc3 d5 3. exd5 Nxd5 4. Nxd5 Qxd5 5. Nf3 Bg4 6. Be2 e6 7. c3 Bd6 8. Qa4+ Nd7 9. Qxg4 0-0 10. 0-0 f5 11. Qh5 Nf6 12. Qh4 Ng4 13. h3 Nf6 14. Bc4 Qc6 15. Bxe6+ Kh8 16. Ng5 Qe8 17. Bxf5 h6 18. d3 Qe5 19. Nf3 Qxf5 20. Bxh6 gxh6 21. Qxh6+ Nh7 22. Nh4 Qf6 23. Qxf6+ Rxf6 24. Rae1 Rg8 25. Re4 Ng5 26. Rg4 Bf4 27. Re1 b6 28. c4 a5 29. b3 Kh7 30. Nf3 Nxf3+ 31. gxf3 Rgf8 32. Re7+ Kh6 33. Kg2 Bd6 34. Re3 Bf4 35. Re4 Bd6 36. Rh4+ Kg5 37. Reg4+ 0-1

[Event "American blind and visually impaired"]
[Site "Santa Marta"]
[Date "2013.11.03"]
[Round "7.3"]
[White "Marques, Andre Rezende"]
[Black "Elias, Roberto"]
[Result "1-0"]
[WhiteElo "2003"]
[BlackElo "1812"]
[PlyCount "59"]
[EventDate "2013.10.31"]
[EventType "swiss"]
[EventRounds "7"]
[EventCountry "COL"]
[SourceTitle "EXT 2024"]
[Source "ChessBase"]
[SourceDate "2023.10.10"]
[SourceVersion "1"]
[SourceVersionDate "2023.10.10"]
[SourceQuality "1"]

1. d4 f5 2. Bf4 Nf6 3. e3 d6 4. Bc4 g6 5. Nf3 e6 6. Nc3 Bg7 7. Qe2 Qe7 8. h3 Nbd7 9. a4 a6 10. a5 c5 11. dxc5 Nxc5 12. Rd1 e5 13. Bg5 Be6 14. Nd5 Qf7 15. Bxf6 Bxd5 16. Rxd5 Qxf6 17. 0-0 Rd8 18. Rfd1 Ke7 19. c3 Rhe8 20. Nxe5 dxe5 21. Rxc5 Rxd1+ 22. Qxd1 Qd6 23. Rd5 Qc7 24. Bb3 Bf6 25. Kf1 h6 26. Qd3 Rc8 27. Qd1 Rd8 28. Rxd8 Qxd8 29. Qd5 Qxd5 30. Bxd5 1-0